000 00514nam a2200181 i 4500
001 147865
003 ES-MaACL
005 20230906202308.0
007 t|
008 071008s1963 sp ||||1| spa d
080 _a32(729.1)"1959/..."
100 1 _aUrrutia, Manuel.
_9138867
245 1 0 _aFidel Castro y Compañía, S. A. /
_cManuel Urrutia.
260 _aBarcelona :
_bHerder,
_c1963.
300 _a236 p. ;
_c21 cm.
651 4 _aCuba-
_xPolítica y gobierno-
_y1959-
_9165118
852 4 _aES-MaACL
_jC-23975
999 _c147865
_d147865